Résumé introductif Astérix : Nous sommes en 50 avant Jésus-Christ - Statistiques

Statistiques générales
  • Ce quiz a été pris 781 fois
    778 depuis la dernière actualisation
  • Le résultat moyen est 29 sur 42
Statistiques - réponses
Mots % Correct
à
97%
Un
97%
village
97%
gaulois
94%
la
93%
la
93%
résiste
92%
Gaule
91%
est
89%
et
88%
Et
88%
et
88%
encore
86%
l'envahisseur
86%
romains
85%
romains
85%
toujours
85%
Toute
85%
Toute
85%
les
83%
les
83%
par
82%
Non
81%
occupée
75%
d'irréductibles
73%
de
70%
de
70%
peuplé
58%
camps
56%
Babaorum
54%
Petibonum
51%
des
45%
Aquarium
40%
Laudanum
36%
pour
33%
légionnaires
31%
retranchés
31%
vie
30%
pas
29%
n'est
27%
facile
26%
garnisons
19%
Aucun quiz correspondant
Distribution des résultats
% des personnes avec chaque résultat
Percentile par nombre de réponses
Votre historique - résultats
Vous n’avez pas pris ce quiz depuis la dernière actualisation